El cerebro: morfología y dinámica
Salvato in:
| Autore principale: | |
|---|---|
| Natura: | Libro |
| Lingua: | spagnolo |
| Pubblicazione: |
Ciudad de México
Interamericana
1975
|
| Soggetti: | |
| Tags: |
Aggiungi Tag
Nessun Tag, puoi essere il primo ad aggiungerne!!
|
MARC
| LEADER | 00000nam a2200000 a 4500 | ||
|---|---|---|---|
| 001 | UCZ0814 | ||
| 003 | CL-VaPUC | ||
| 008 | 950809e19750000MX |||||||||||||||||spa|d | ||
| 082 | 0 | 4 | |a 612.825 |b ECC |2 21 |
| 100 | 0 | |a Eccles, John C |e author |9 344129 | |
| 245 | 1 | 3 | |a El cerebro: morfología y dinámica |
| 300 | |a 236 p | ||
| 942 | |c BK | ||
| 945 | |d 19950809 00:00:00 |a cmena | ||
| 260 | |a Ciudad de México |b Interamericana |c 1975 | ||
| 650 | 0 | |a Cerebro |9 307262 | |
| 650 | 7 | |a INVESTIGACION DEL CEREBRO |2 CL-VaPUC |9 334660 | |
| 650 | 0 | |a Neurobiología |9 269798 | |
| 650 | 0 | |a Neurología |9 269802 | |
| 650 | 0 | |a Procesos mentales superiores |9 330839 | |
| 650 | 0 | |a Procesos de aprendizaje |9 309161 | |
| 583 | |a last modification |c 19950809 00:00:00 |k Rodrigo Vera | ||
| 999 | |c 237716 |d 237714 | ||
| 952 | |0 0 |1 0 |4 0 |6 612_825000000000000_ECC_1975 |7 0 |8 P |9 247349 |a BIBEDU |b BIBEDU |c BIBEDU_PB |d 2019-11-18 |i 155591K |o 612.825 ECC 1975 |p 155591K |r 2024-01-25 |w 2019-11-18 |y BK |k EDU | ||